|
|
|
|
| LEADER |
00000nab a2200000 ar4500 |
| 001 |
vtls009299158 |
| 003 |
SK-MaSNL |
| 005 |
20260318122517.0 |
| 008 |
080530c20080507xo |||||||| 000 b|hun |
| 015 |
|
|
|a SNBRB2008/05
|2 snkbucl
|
| 038 |
|
|
|a SNKBUCL
|
| 040 |
|
|
|a DSZK
|b slo
|c DSZK
|e AACR2
|
| 041 |
0 |
|
|a hun
|
| 044 |
|
|
|a xo
|c SK
|
| 080 |
|
|
|a 78.071.1
|2 1997
|
| 080 |
|
|
|a 728.82
|x (437.6)
|2 1997
|
| 080 |
|
|
|a 069.02:929
|x (437.6)
|2 1997
|
| 080 |
|
|
|a 929.732
|x (437.6)
|2 1997
|
| 100 |
1 |
|
|a Vrabec, Mária,
|d 1970-
|4 aut
|9 102331
|
| 245 |
1 |
0 |
|a Turistákat vonzó legenda lehet a Beethoven-ház
|b talán épp az alsókorompai Brunswick-kastély angolparkjában szövődött a legendás szerelem ...
|c Vrabec Mária
|
| 300 |
|
|
|b Fotogr.
|
| 600 |
3 |
7 |
|a Brunsvik (rod)
|2 snkbucl
|9 1481556
|
| 600 |
1 |
7 |
|a Beethoven, Ludwig van,
|d 1770-1827
|2 snkbucl
|9 106879
|
| 610 |
2 |
7 |
|a Hudobné múzeum (Bratislava, Slovensko).
|b Pamätník Ludwiga van Beethovena
|2 snkbucl
|9 167562
|
| 651 |
|
7 |
|a Dolná Krupá (Slovensko)
|2 snkbucl
|9 81319
|
| 655 |
|
7 |
|a reportáže
|2 snkbucl
|9 28856
|
| 773 |
0 |
|
|t Új szó
|g Évf. 61, sz. 106 (7.5.2008), o. 27
|x 1335-7050
|
| 773 |
0 |
8 |
|i Mell.:
|t Szülőföldünk
|g Évf. 5, sz. 19 (2008)
|
| 852 |
|
|
|a SNK
|b KIS3GCP
|
| 852 |
|
|
|a DSZK
|b KIS3GCP
|
| 958 |
|
|
|a HU
|
| 958 |
|
|
|a SK
|
| 958 |
|
|
|a DE
|
| 999 |
|
|
|c 3118449
|d 3120379
|